| 000 | 01000nam0a22002771 4500 | ||
|---|---|---|---|
| 001 | v19\rc\1870373 | ||
| 005 | 20251118180234.2 | ||
| 035 | _a(NLR Aleph) 004961735 | ||
| 090 |
_a5991090 _c5991090 |
||
| 100 | _a20080221d1910 u y0rusy50 ca | ||
| 101 | 0 | _arus | |
| 102 | _aRU | ||
| 105 | _aa z ||||| | ||
| 200 | 1 |
_aПрепараты животных в жидкостях _eСпособы препарирования и консервирования животных для зоол. коллекций _fК.В. фон-Гейзер |
|
| 210 |
_aКиев _cКиев. о-во любителей природы _d1910 |
||
| 215 |
_a26 с., 4 ил. _d22 |
||
| 700 | 1 |
_aГейзер _bК.В. фон _gКонстантин Владимирович фон |
|
| 801 | 0 |
_aRU _bNLR _gpsbo |
|
| 801 | 0 |
_aRU _bRuMoRGB _2psbo |
|
| 801 | 1 |
_aRU _bProSoft-M _2rusmarc |
|
| 852 |
_aNLR _j20.94.8.310 |
||
| 899 |
_aRuMoRGB _jV 115/1786 |
||
| 899 |
_aRuMoRGB _jT 74/1064 |
||
| 899 | _aБАН | ||
| 942 | _cBOOK | ||
| 980 | _aNB | ||